Statistiques concernant Opus de jeux vidéo #2 - Harry Potter

Cliquez ici pour prendre le quiz!

Statistiques générales

  • Ce quiz a été pris 195 fois
    (96 depuis la dernière actualisation)
  • Le résultat moyen est 10 sur 22

Statistiques - réponses

Année de SortiePlateforme(s)Jeu% Correct
2018MobileHarry Potter : Secret à Poudlard
90%
2001/2003PC, GBC, GBA, GameCube, PS1, PS2, XboxHarry Potter à l'école des Sorciers
77%
2005PC, GBA, DS, GameCube, PS2, PSP, XboxHarry Potter et la Coupe de Feu
73%
2004PC, GBA, GameCube, PS2, XboxHarry Potter et le Prisonnier d'Azkaban
71%
2010PC, Iphone, mobiles, DS, PS3, Xbox360, WiiHarry Potter et les Reliques de la Mort - 1ère Partie
71%
2011PC, DS, PS3, Xbox360, WiiHarry Potter et les Reliques de la Mort - 2ème Partie
71%
2009PC, DS, PSP, PS2, PS3, Xbox360, WiiHarry Potter et le Prince de Sang-Mêlé
70%
2002/2003PC, Mac, GBC, GBA, GameCube, PS1, PS2, XboxHarry Potter et la Chambre des Secrets
63%
2016PS4Lego Harry Potter Collection
59%
2010PC, Mac, Iphone, DS, PSP, PS3, Xbox360, WiiLego Harry Potter : Années 1 à 4
57%
2011PC, Mac, DS, 3DS, PSP, PSVita, PSP, Xbox360, WiiLego Harry Potter : Années 5 à 7
57%
2001PCLego Creator : Harry Potter
56%
2007PC, GBA, DS, PS2, PS3, PSP, Xbox360, WiiHarry Potter et l'Ordre du Phoenix
51%
2003PC, GBA, GameCube, PS2, XboxHarry Potter : Coupe du Monde de Quidditch
47%
2019MobileHarry Potter : Wizards Unite
18%
2013PS3Wonderbook : Book of Potions, Le Livre des Potions
18%
2020MobileHarry Potter : Enigmes & Sorts
15%
2012Xbox360Harry Potter pour Kinect
14%
2012PS3Wonderbook : Book of Spells, Le Livre des Sorts
13%
2016MobileLes Animaux Fantastiques : Enquêtes dans le Monde des Sorciers
9%
2018PCLes Animaux Fantastiques : Expérience VR
9%
2020MobileHarry Potter : Magic Awakened
1%

Distribution des résultats

Percentile par nombre de réponses

% des personnes avec chaque résultat

Votre développement - résultats

Vous n’avez pas pris ce quiz depuis la dernière actualisation